Pays membre de l’otan sur une carte - Statistiques

Statistiques générales
  • Ce quiz a été pris 160 fois
  • Le résultat moyen est 26 sur 32
Réponses sur la Carte
Les réponses sont colorées sur une échelle allant du rouge au vert en fonction du pourcentage des utilisateurs qui les ont devinées à leur premier essai. Vous pouvez retrouver ces pourcentages ci-dessous.
 
Statistiques - réponses
Réponse % Correct
France
98%
États-Unis
97%
Belgique
96%
Royaume-Uni
96%
Luxembourg
91%
Pays-Bas
91%
Allemagne
90%
Danemark
89%
Grèce
89%
Islande
89%
Portugal
89%
Pologne
87%
Turquie
87%
Norvège
86%
Espagne
85%
Italie
85%
Canada
83%
Estonie
81%
Finlande
81%
République tchèque
79%
Croatie
78%
Roumanie
78%
Suède
78%
Lettonie
77%
Bulgarie
75%
Monténégro
75%
Hongrie
72%
Lituanie
71%
Albanie
69%
Slovaquie
69%
Slovénie
69%
macédoine du Nord
64%
Aucun quiz correspondant
Distribution des résultats
% des personnes avec chaque résultat
Percentile par nombre de réponses
Votre historique - résultats
Vous n’avez pas pris ce quiz